| 000 | 01032nam a22003377a 4500 | ||
|---|---|---|---|
| 001 | 21724252 | ||
| 003 | LIBRIS | ||
| 005 | 20210421080649.0 | ||
| 008 | 171016s1993 xx |||||||||||000 0|eng|d | ||
| 020 | _a0691010935 (pbk) | ||
| 020 | _a0691032572 | ||
| 035 | _a(BOKR)9780691010939 | ||
| 040 |
_aBOKR _ei _beng _cDLC |
||
| 041 | _aeng | ||
| 080 |
_a92 _bK-61 |
||
| 100 | 1 |
_aKnight, Amy W. _4aut |
|
| 245 | 1 | 0 |
_aBeria - Stalins First Lieutenant _c/ by: Princeton University Press |
| 260 |
_aPrinceton, New Jersey _bPrinceton University Press _c1993 |
||
| 263 | _a199512 | ||
| 264 | 1 |
_bUniversity Presses Of Californ, _c1995 |
|
| 300 |
_a312 p. _cill |
||
| 336 |
_atext _btxt _2rdacontent |
||
| 337 |
_aunmediated _bn _2rdamedia |
||
| 338 |
_avolume _bnc _2rdacarrier |
||
| 340 | _b23.4 cm | ||
| 365 | _b14.95 usd | ||
| 650 | 0 |
_9237 _aBiography |
|
| 653 | _aბიოგრაფია | ||
| 887 |
_a{"@id":"dxq56brq4jn16g8","modified":"2018-10-03T16:39:46.208+02:00","checksum":"40288297095"} _2librisxl |
||
| 942 |
_2udc _cBK |
||
| 999 |
_c1690 _d1690 |
||